Digital Lighting & Rendering (Record no. 2095)

000 -LEADER
fixed length control field 00355nam a2200145Ia 4500
008 - FIXED-LENGTH DATA ELEMENTS--GENERAL INFORMATION
fixed length control field 180730s9999||||xx |||||||||||||| ||und||
020 ## - INTERNATIONAL STANDARD BOOK NUMBER
International Standard Book Number 9780321316318
082 ## - DEWEY DECIMAL CLASSIFICATION NUMBER
Classification number 621.3
Item number BIR/D
100 ## - MAIN ENTRY--PERSONAL NAME
Personal name Birn, Jeremy
245 #0 - TITLE STATEMENT
Title Digital Lighting & Rendering
250 ## - EDITION STATEMENT
Edition statement 2nd Edition
260 ## - PUBLICATION, DISTRIBUTION, ETC.
Place of publication, distribution, etc. Berkeley, CA
Name of publisher, distributor, etc. New Riders
Date of publication, distribution, etc. 2006
300 ## - PHYSICAL DESCRIPTION
Extent 416p
942 ## - ADDED ENTRY ELEMENTS (KOHA)
Institution code [OBSOLETE] BK
Holdings
Withdrawn status Lost status Damaged status Not for loan Collection code Permanent Location Current Location Date acquired Cost, normal purchase price Total Checkouts Full call number Barcode Date last seen Date last checked out Price effective from Koha item type
        School of Animation (Noida) MUIT-NOIDA MUIT-NOIDA 2018-07-30 3142.00 2 621.3 BIR/D ANM00144 2019-05-24 2019-05-21 2018-07-30 Book

All Rights Reserved@MUIT

Powered by Koha